000 00677nam a22002177a 4500
005 20171009163516.0
010 _aENG-120767
020 _a9789352606429
_c495.00
020 _a9352606426
_c495.00
035 _aEN-104299
037 _bDBAD/PUB
082 _a621.4021
100 _aNag,P.K.
245 _aEngineeing Thermodynamics /
_cby P.k.Nag
250 _a6th
260 _aNoida
_bMcGraw Hill education
_c2018
270 _aB-4, Sector-63,Dist. Gautam Budh Nagar
_bNoida,(UP)
_e201301
300 _axxxiii,973p.
_c23cm(pbk)
_bill(Psychrometic Charts)
500 _aIncludes bibliographical references and index
942 _2ddc
_cEN
_h621.4021
_mNAG
999 _c146341
_d146341